000 00699nam a2200265Ia 4500
001 29077
005 20240114001118.0
007 ta
008 060622s1990 a g b000 u 465 u
040 _aCotton College,Assam
041 _a465
082 _a200
_bSh 86 La
100 _aShtrivastava, R.P. .
245 0 _aLanguage Meaning and Religion /
_cR.P.Shtrivastava.
_hTextual Documents
250 _a1st ed. /
260 _aDelhi :
_bAjanta Prakashan ,
_c1990.
300 _a164p. :
_bill ;
_c22cm .
504 _aIndex
653 _aReligion-Philosophy
653 _aReligious Language
653 _aG-Religion
942 _2ddc
_cBK
999 _c29059
_d29059